Biology of plants
Salvato in:
| Autore principale: | |
|---|---|
| Altri autori: | , |
| Natura: | Libro |
| Lingua: | inglese |
| Pubblicazione: |
New York, USA
W. H. Freeman
2013
|
| Edizione: | Octava edición |
| Soggetti: | |
| Tags: |
Aggiungi Tag
Nessun Tag, puoi essere il primo ad aggiungerne!!
|
MARC
| LEADER | 00000cam a2200000 a 4500 | ||
|---|---|---|---|
| 001 | UCE0747 | ||
| 003 | CL-VaPUC | ||
| 005 | 20220322074123.0 | ||
| 008 | 140307e20130000us |||||||||||||||||eng|d | ||
| 999 | |c 354776 |d 354774 | ||
| 020 | |a 9781429219617 | ||
| 040 | |c Pontificia Universidad Católica de Valparaíso | ||
| 082 | 0 | 4 | |a 581.1 EVE 2013 |2 21 |
| 100 | 0 | |a Evert, Ray F |9 573096 | |
| 245 | 1 | 0 | |a Biology of plants |
| 250 | |a Octava edición | ||
| 260 | |a New York, USA |b W. H. Freeman |c 2013 | ||
| 300 | |a 727 páginas | ||
| 583 | |a last modification |c 20140307 11:03:00 |k Rodrigo Vera | ||
| 650 | 0 | |a Botánica |9 264202 | |
| 650 | 0 | |a Fisiología vegetal |9 260158 | |
| 650 | 0 | |a Desarrollo vegetal |9 338112 | |
| 650 | 0 | |a Genética vegetal |9 264341 | |
| 650 | 0 | |a Morfología vegetal |9 261628 | |
| 700 | 0 | |a Eichhorn, Susan E |9 573097 | |
| 700 | 0 | |a Raven, Peter H |9 573098 | |
| 942 | |c BK |2 ddc | ||
| 945 | |d 20140307 11:03:00 |a dcastane | ||
| 952 | |0 0 |1 0 |2 ddc |3 erd |4 0 |6 581_100000000000000_EVE_2013 |7 0 |8 A |9 460935 |a BIBCUR |b BIBCUR |i 5059550 |o 581.1 EVE 2013 |p 5059550 |r 2025-04-22 |t 3 |w 2019-11-23 |y BK |z Catalogado en:20140307 |k BIO | ||